Las analogías : elementos fundamentales en el discurso de los niños en las clases de biología de la reproducción humana en la escuela primaria (Record no. 150612)

MARC details
000 -CABECERA
campo de control de longitud fija 00698nab a2200205 a 4500
005 - FECHA Y HORA DE LA ÚLTIMA TRANSACCIÓN
campo de control 20210219161101.0
008 - ELEMENTOS DE LONGITUD FIJA--INFORMACIÓN GENERAL
campo de control de longitud fija 991125s1985 mx 000 0 spa u
035 ## - NÚMERO DE CONTROL DEL SISTEMA
Número de control de sistema UPN01000178509
100 1# - ASIENTO PRINCIPAL--NOMBRE PERSONAL
Nombre de persona Ruiz Cruz, Juana Josefa
222 ## - TÍTULO CLAVE
Título clave ENTRE MAESTROS :
222 ## - TÍTULO CLAVE
Información calificativa REVISTA PARA MAESTROS DE EDUCACION BASICA
245 ## - MENCIÓN DE TÍTULO
Título Las analogías : elementos fundamentales en el discurso de los niños en las clases de biología de la reproducción humana en la escuela primaria
260 ## - PUBLICACIÓN, DISTRIBUCIÓN, ETC.
Lugar de publicación, distribución, etc. México
300 ## - DESCRIPCIÓN FÍSICA
Extensión 36-43
362 0# - FECHAS DE PUBLICACIÓN Y/O DESIGNACIÓN SECUENCIAL
Fecha de publicación y/o designación secuencial 2009-2010 Vol. 9, no. 3, dic.-mar.
653 0# - TERMINO DE INDIZACION - NO CONTROLADO
Término no controlado CONOCIMIENTO CIENTIFICO
653 0# - TERMINO DE INDIZACION - NO CONTROLADO
Término no controlado EDUCACION SEXUAL
653 0# - TERMINO DE INDIZACION - NO CONTROLADO
Término no controlado CONOCIMIENTO COTIDIANO
905 ## - TIPO DE MATERIAL
Tipo de material Articulo

No items available.